| 000 | 00717nam a2200217 i 4500 | ||
|---|---|---|---|
| 001 | 104518 | ||
| 003 | ES-MaACL | ||
| 005 | 20230906183626.0 | ||
| 007 | t| | ||
| 008 | 051130s1952 sp ||||1| spa d | ||
| 100 | 1 |
_aMillot, G. M. _981269 |
|
| 245 | 1 | 0 |
_aVuestros ojos _b: como conservar una buena visión... / _cG. M. Millot; traducción y notas del Dr. Ismael Antich Sariol; prefacio de Pierre Devaux. |
| 260 |
_aBarcelona : _bFama, _c1952. |
||
| 300 |
_a100 p., 1 lám. pleg. : _bil. ; _c22 cm. |
||
| 490 | 1 | _aTécnica Fama | |
| 700 | 0 |
_aAntich, Ismael. _921892 |
|
| 700 | 1 |
_aDevaux, Pierre. _943994 |
|
| 830 | 0 |
_aTécnica Fama _9232643 |
|
| 852 |
_aES-MaACL _jD-7755 _bR.32442 |
||
| 999 |
_c104518 _d104518 |
||